| 000 | 00481nam a22001817a 4500 | ||
|---|---|---|---|
| 003 | DO-SdBNP | ||
| 005 | 20171212113613.0 | ||
| 008 | 161031b xxu||||| |||| 00| 0 spa d | ||
| 020 | _a9501106829 | ||
| 040 |
_aBPMSU _bspa _cBPMSU |
||
| 100 | _aWalpole, Brenda | ||
| 245 |
_aAgua / _cTexto de Brenda Walpole |
||
| 260 |
_a[s. n] : _bSigmar , _c[s. f] |
||
| 300 |
_a38 p. : _bil. : _c27 cm |
||
| 942 |
_2ddc _cBK |
||
| 945 | _ainventariado extranjero / DG | ||
| 956 |
_adgarcia _b10 |
||
| 999 |
_c11732 _d11732 |
||